| 000 | 00550nam a2200181 a 4500 | ||
|---|---|---|---|
| 001 | 000044368 | ||
| 005 | 20201002045326.0 | ||
| 008 | 140626s2000 dr a 000 0 spa d | ||
| 020 | _a9993401633 | ||
| 040 |
_aDO-SdBNP _bspa _cBNPHU |
||
| 082 |
_axxxxxx _bxxxxxx |
||
| 245 | 0 | 0 |
_aCuentos dominicanos para niñ@s / _cedición Andrés Blanco Díaz. |
| 260 |
_aSanto Domingo : _bFundación corripio, _c2000. |
||
| 300 |
_a233 p. : _bil. ; _c24 cm. |
||
| 490 | 1 |
_aPrisma _n5 |
|
| 500 | _aIncluye notasl al pie de las páginas | ||
| 830 | 0 |
_aPrisma _n5 _972375 |
|
| 999 |
_c43857 _d43857 |
||